The expert witness in construction (Record no. 115867)
[ view plain ]
| 000 -LEADER | |
|---|---|
| fixed length control field | 00913cam a22002295a 4500 |
| 001 - CONTROL NUMBER | |
| control field | L159400 |
| 008 - FIXED-LENGTH DATA ELEMENTS--GENERAL INFORMATION | |
| fixed length control field | 170315s2013 xxk f 000 0 eng d |
| 020 ## - INTERNATIONAL STANDARD BOOK NUMBER | |
| International Standard Book Number | 9780470655931 |
| 035 ## - SYSTEM CONTROL NUMBER | |
| System control number | (Sirsi) u159400 |
| 041 0# - LANGUAGE CODE | |
| Language code of text/sound track or separate title | eng |
| 050 04 - LIBRARY OF CONGRESS CALL NUMBER | |
| Classification number | 347.4107 |
| 100 1# - MAIN ENTRY--PERSONAL NAME | |
| Personal name | Horne, Robert |
| 245 04 - TITLE STATEMENT | |
| Title | The expert witness in construction |
| 260 ## - PUBLICATION, DISTRIBUTION, ETC. | |
| Place of publication, distribution, etc. | Chichester |
| Name of publisher, distributor, etc. | Wiley-Blackwell |
| Date of publication, distribution, etc. | 2013 |
| 300 ## - PHYSICAL DESCRIPTION | |
| Extent | xi, 358p 25 cm |
| 520 ## - SUMMARY, ETC. | |
| Summary, etc. | Explains the role of the expert witness in the construction industry in legal and practical terms. Looks at independence and duties, dispute resolution methods, different types of experts, procedural and evidential rules. considers selection and appointment, writing reports, meetings with other experts, giving evidence and liabiity and immunity. |
| 590 ## - LOCAL NOTE (RLIN) | |
| Local note | KA |
| 651 #4 - SUBJECT ADDED ENTRY--GEOGRAPHIC NAME | |
| Geographic name | England and Wales |
| Chronological subdivision | 1543- |
| 690 ## - LOCAL SUBJECT ADDED ENTRY--TOPICAL TERM (OCLC, RLIN) | |
| Topical term or geographic name as entry element | Dispute resolution |
| 9 (RLIN) | 6236 |
| 700 1# - ADDED ENTRY--PERSONAL NAME | |
| Personal name | Mullen, John |
| 942 ## - ADDED ENTRY ELEMENTS (KOHA) | |
| Suppress in OPAC | 0 |
| Withdrawn status | Lost status | Source of classification or shelving scheme | Damaged status | Not for loan | Home library | Current library | Shelving location | Date acquired | Total Checkouts | Full call number | Barcode | Date last seen | Copy number | Price effective from | Koha item type |
|---|---|---|---|---|---|---|---|---|---|---|---|---|---|---|---|
| Dewey Decimal Classification | London | London | Books | 15/03/2017 | 347.4107 HOR | 30079038 | 06/08/2019 | 1 | 06/08/2019 | Book |